[Event "76.ITA Proviciale VE"]
[Site "Marghera ITA"]
[Date "2016.01.24"]
[Round "5.2"]
[White "Segalina, Luigi"]
[Black "Xia, Jie"]
[Result "0-1"]
[WhiteElo "1437"]
[BlackElo "2282"]
[Annotator "Gabriele Ballarin"]
[PlyCount "90"]
[EventDate "2016.01.22"]
[EventType "swiss"]
[EventRounds "5"]
[EventCountry "ITA"]

1. e4 c5 2. Nf3 d6 3. d4 cxd4 4. Nxd4 Nf6 5. Nc3 g6 6. Nf3 Nc6 7. Bg5 Bg7 8. Bb5 O-O 9. Qd2 Bg4 10. Nd4 Nxe4 11. Nxc6 bxc6 12. Nxe4 cxb5 13. c3 Bf5 14. Ng3 Be6 15. Bh6 Qb6 16. Bxg7 Kxg7 17. O-O Rab8 18. Rfe1 b4 19. Qd4+ Qxd4 20. cxd4 Rbc8 21. Re2 Rc7 22. b3 Bd5 23. Nf1 Rfc8 24. Rae1 e6 25. f3 Rc1 26. Kf2 Rxe1 27. Kxe1 Rc1+ 28. Kf2 Bb7 29. Ne3 Kf6 30. Rc2 Rxc2+ 31. Nxc2 a5 32. Ke3 h5 33. Kd2 e5 34. Ke3 Ke6 35. Ne1 Ba6 36. Nd3 Bxd3 37. Kxd3 Kd5 38. dxe5 dxe5 39. h4 f5 40. g3 e4+ 41. fxe4+ fxe4+ 42. Ke3 Ke5 43. Ke2 Kd4 44. Kd2 e3+ 45. Ke2 Ke4 0-1

[Event "76.ITA Proviciale VE"]
[Site "Marghera ITA"]
[Date "2016.01.24"]
[Round "5.3"]
[White "Bressan, Andrea"]
[Black "Trangoni, Bruno"]
[Result "0-1"]
[WhiteElo "1520"]
[BlackElo "1969"]
[Annotator "Gabriele Ballarin"]
[PlyCount "72"]
[EventDate "2016.01.22"]
[EventType "swiss"]
[EventRounds "5"]
[EventCountry "ITA"]

1. e4 g6 2. Nf3 Bg7 3. c3 d6 4. d4 c6 5. g3 Nf6 6. Qd3 b5 7. Be3 Ba6 8. b4 Nbd7 9. Bg2 O-O 10. Nbd2 Ng4 11. h3 Nxe3 12. Qxe3 c5 13. e5 dxe5 14. Nxe5 cxd4 15. cxd4 Nxe5 16. Bxa8 Qxa8 17. O-O Nc6 18. Nb3 e6 19. a3 Bb7 20. Rfd1 Qd8 21. Rac1 Ne7 22. Rc5 Nf5 23. Qd2 a6 24. Qd3 Re8 25. Rdc1 Bf8 26. Rc7 Qd5 27. Kf1 Bd6 28. R7c3 Qg2+ 29. Ke1 e5 30. Kd1 Qg1+ 31. Kc2 Qxf2+ 32. Kb1 Qg2 33. Qd2 Qxd2 34. Nxd2 exd4 35. Rb3 Bxg3 36. Nf3 Bd5 0-1

[Event "76.ITA Proviciale VE"]
[Site "Marghera ITA"]
[Date "2016.01.24"]
[Round "5.4"]
[White "Milan, Maurizio"]
[Black "Bighin, Marco"]
[Result "1/2-1/2"]
[WhiteElo "1575"]
[BlackElo "1578"]
[Annotator "Gabriele Ballarin"]
[PlyCount "78"]
[EventDate "2016.01.22"]
[EventType "swiss"]
[EventRounds "5"]
[EventCountry "ITA"]

1. c4 Nf6 2. g3 g6 3. Nc3 Bg7 4. Bg2 d6 5. Nf3 O-O 6. d3 Nbd7 7. Qc2 e5 8. b4 e4 9. dxe4 Nxe4 10. Bb2 Nef6 11. O-O Nb6 12. Na4 Bf5 13. Qb3 Nxa4 14. Qxa4 Bd7 15. Qb3 a5 16. b5 a4 17. Qb4 Qc8 18. Rfe1 Bh3 19. Bh1 c5 20. Qa3 Be6 21. Nd2 Bf5 22. Rac1 Re8 23. Nb1 Be4 24. Nd2 Bxh1 25. Kxh1 Ng4 26. Kg2 Bxb2 27. Qxb2 Qf5 28. Nf3 Qe4 29. Qc2 Qxc2 30. Rxc2 Ne5 31. Rd1 Nxf3 32. Kxf3 Re6 33. e3 Kf8 34. Rd5 Ke7 35. Rcd2 a3 36. R2d3 Ra4 37. Rc3 f5 38. Rdd3 Re4 39. Rxa3 Rexc4 1/2-1/2

[Event "76.ITA Proviciale VE"]
[Site "Marghera ITA"]
[Date "2016.01.24"]
[Round "5.5"]
[White "Pastena, Dario"]
[Black "Bertaggia, Mirco"]
[Result "1-0"]
[WhiteElo "1413"]
[BlackElo "1345"]
[Annotator "Gabriele Ballarin"]
[PlyCount "71"]
[EventDate "2016.01.22"]
[EventType "swiss"]
[EventRounds "5"]
[EventCountry "ITA"]

1. e4 c5 2. Nf3 Nc6 3. Nc3 d6 4. d4 cxd4 5. Nxd4 Nf6 6. g3 g6 7. Nxc6 bxc6 8. Bg2 Ba6 9. e5 Nd5 10. Nxd5 cxd5 11. Bxd5 Rb8 12. Bc6+ Qd7 13. Bxd7+ Kxd7 14. Be3 Rb7 15. Qd5 e6 16. Qf3 Rxb2 17. Qxf7+ Be7 18. exd6 Kxd6 19. Rd1+ Kc6 20. Qxe6+ Kb5 21. Qd5+ Ka4 22. Bd2 Bb4 23. Bxb4 Re8+ 24. Kd2 Re2+ 25. Kc3 Rexc2+ 26. Kd4 Rxb4+ 27. Ke3 Re2+ 28. Kf3 Reb2 29. Qd7+ Ka3 30. Qxa7 Ra4 31. Qe3+ Kb4 32. Qb6+ Ka3 33. Qd6+ Rbb4 34. Rd3+ Bxd3 35. Qxd3+ Kxa2 36. Qc2+ 1-0

[Event "3.Open del Santo"]
[Site "Padova"]
[Date "2016.02.19"]
[Round "1"]
[White "Latella, Tommaso"]
[Black "Zanirato, Stefano"]
[Result "1/2-1/2"]
[WhiteElo "1750"]
[BlackElo "1924"]
[Annotator "Antonio Rosino"]
[PlyCount "51"]
[EventDate "2016.02.??"]
[EventType "swiss"]
[EventRounds "5"]
[EventCountry "ITA"]

1. e4 Nc6 2. d4 d5 3. exd5 (3. Nc3) 3... Qxd5 4. Nf3 e5 5. Nc3 Bb4 6. Bd2 Bxc3 7. Bxc3 e4 8. Ne5 Nxe5 9. dxe5 Ne7 10. b3 Be6 11. Qxd5 Nxd5 12. Bb2 O-O-O 13. O-O-O Nb4 14. Rxd8+ Rxd8 15. a3 Nc6 16. g3 (16. Bb5) 16... Nd4 17. Bg2 Bf5 (17... Ne2+ 18. Kb1 Bf5 19. Re1 Rd2 $15) 18. Re1 Nf3 19. Bxf3 exf3 20. Re3 Bg4 21. Re4 h5 22. h4 Re8 23. Rf4 f6 24. Re4 fxe5 25. Rxe5 Rxe5 26. Bxe5 1/2-1/2

[Event "3.Open del Santo"]
[Site "Padova"]
[Date "2016.02.19"]
[Round "1"]
[White "Ranieri, Marco"]
[Black "Zanchetta, Nicola"]
[Result "1/2-1/2"]
[WhiteElo "1780"]
[BlackElo "1955"]
[Annotator "Gabriele Ballarin"]
[PlyCount "161"]
[EventDate "2016.02.??"]
[EventType "swiss"]
[EventRounds "5"]
[EventCountry "ITA"]

1. d4 Nf6 2. Nf3 d5 3. e3 Bg4 4. Nbd2 Nbd7 5. b3 e6 6. Bd3 Bb4 7. O-O Bc3 8. Rb1 c5 9. Bb2 cxd4 10. exd4 Bxd2 11. Qxd2 Ne4 12. Qf4 Bxf3 13. gxf3 Qg5+ 14. Qxg5 Nxg5 15. Kg2 h5 16. Rfe1 g6 17. c4 Nb6 18. c5 Nd7 19. b4 h4 20. h3 Ke7 21. a4 f5 22. b5 Kf6 23. a5 Rac8 24. Rbc1 b6 25. axb6 axb6 26. c6 Nf8 27. Ra1 Rh7 28. Ra6 Rb8 29. Rea1 Rc7 30. Ra7 Rxa7 31. Rxa7 Nf7 32. Ba3 e5 33. c7 Rc8 34. Bxf8 Rxf8 35. Rb7 Rc8 36. Rxb6+ Ke7 37. Rb7 Nd6 38. Ra7 e4 39. fxe4 dxe4 40. Be2 f4 41. Bg4 Nxb5 42. Rb7 f3+ 43. Kh2 Rxc7 44. Rxb5 Rc2 45. Re5+ Kf6 46. Rxe4 Kg5 47. Bxf3 Rxf2+ 48. Bg2 Rd2 49. d5 Kh5 50. Re5+ Kh6 51. Kg1 Kg7 52. Re8 Kf7 53. Rd8 Ke7 54. Rh8 g5 55. Rg8 Kf6 56. Rd8 Ke7 57. Ra8 Kf6 58. Ra5 Ke5 59. Bf3 Kf4 60. Bg4 Kg3 61. Ra3+ Kf4 62. Rf3+ Ke4 63. Rf5 Rxd5 64. Rxd5 Kxd5 65. Kf2 Ke4 66. Ke2 Kf4 67. Kd3 Ke5 68. Ke3 Kd5 69. Kf3 Ke5 70. Bc8 Kf6 71. Kg4 Kg6 72. Bd7 Kh6 73. Kf5 Kg7 74. Kxg5 Kh8 75. Kxh4 Kh7 76. Kg5 Kh8 77. h4 Kg7 78. h5 Kh8 79. Kg6 Kg8 80. h6 Kh8 81. Kg5 1/2-1/2

[Event "3.Open del Santo"]
[Site "Padova"]
[Date "2016.02.20"]
[Round "2"]
[White "Zanchetta, Nicola"]
[Black "Latella, Tommaso"]
[Result "1-0"]
[WhiteElo "1955"]
[BlackElo "1749"]
[Annotator "Gabriele Ballarin"]
[PlyCount "47"]
[EventDate "2016.02.??"]
[EventType "swiss"]
[EventRounds "5"]
[EventCountry "ITA"]

1. e4 e5 2. Nf3 Nf6 3. Nxe5 d6 4. Nxf7 Kxf7 5. d4 c5 6. dxc5 Nc6 7. Bc4+ Be6 8. Bxe6+ Kxe6 9. O-O Kf7 10. Bg5 h6 11. Bxf6 Qxf6 12. Nc3 dxc5 13. Nd5 Qe5 14. Re1 Rd8 15. c3 Bd6 16. f4 Qe6 17. Qb3 Na5 18. Qb5 b6 19. Rad1 c4 20. b4 cxb3 21. axb3 Rhf8 22. b4 Nc6 23. Qc4 b5 24. Qxc6 1-0

[Event "3.Open del Santo"]
[Site "Padova"]
[Date "2016.02.20"]
[Round "3"]
[White "Alfier, Cecilia"]
[Black "Zanchetta, Nicola"]
[Result "0-1"]
[WhiteElo "1625"]
[BlackElo "1955"]
[Annotator "Gabriele Ballarin"]
[PlyCount "66"]
[EventDate "2016.02.??"]
[EventType "swiss"]
[EventRounds "5"]
[EventCountry "ITA"]

1. e4 c5 2. Nf3 e6 3. c3 Nc6 4. d4 d5 5. e5 cxd4 6. cxd4 Qb6 7. Be2 Bd7 8. O-O Rc8 9. Nc3 Nge7 10. Na4 Qc7 11. Be3 Nf5 12. Rc1 Be7 13. Nc5 Bxc5 14. Rxc5 O-O 15. Bd3 Nxe3 16. fxe3 f5 17. exf6 Rxf6 18. Rc2 Rcf8 19. Rcf2 h6 20. a3 Be8 21. Qc2 Qd6 22. b4 e5 23. e4 dxe4 24. Bxe4 Nxd4 25. Nxd4 Qxd4 26. Bf3 (26. Bxb7 Rxf2 (26... Bb5) 27. Rxf2 Qa1+ 28. Qc1 Qxc1+ 29. Rf1 Qxf1#) 26... Bg6 27. Qc5 Qxc5 28. bxc5 e4 29. Bg4 Rxf2 30. Rxf2 Re8 31. Bf5 e3 32. Bxg6 exf2+ 33. Kxf2 Re5 0-1

[Event "3.Open del Santo"]
[Site "Padova"]
[Date "2016.02.20"]
[Round "3"]
[White "Latella, Tommaso"]
[Black "Zangheratti, Daniele"]
[Result "1-0"]
[WhiteElo "1749"]
[BlackElo "1825"]
[Annotator "Gabriele Ballarin"]
[PlyCount "73"]
[EventDate "2016.02.??"]
[EventType "swiss"]
[EventRounds "5"]
[EventCountry "ITA"]

1. e4 c5 2. d4 cxd4 3. c3 dxc3 4. Nxc3 d6 5. Nf3 g6 6. Bc4 e6 7. O-O Bg7 8. Bf4 Ne7 9. Bxd6 O-O 10. Nb5 Na6 11. Qe2 Bd7 12. Rfd1 Qe8 13. Rac1 Bc6 14. Ne5 Rc8 15. Nxa7 Ra8 16. Naxc6 Nxc6 17. Nxc6 Qxc6 18. Bxf8 Bxf8 19. Bxa6 Qxa6 20. Qxa6 Rxa6 21. a3 b5 22. Rd8 Kg7 23. Kf1 Be7 24. Rb8 b4 25. Rb7 bxa3 26. Rxe7 axb2 27. Re1 Rb6 28. Rb1 Kf6 29. Rc7 Ke5 30. f3 Kf4 31. Rc2 h5 32. Rbxb2 Rd6 33. Ke2 h4 34. Rb7 f6 35. Rbc7 Ke5 36. Ke3 f5 37. f4+ 1-0

[Event "3.Open del Santo"]
[Site "Padova"]
[Date "2016.02.21"]
[Round "4"]
[White "Fracasso, Michele"]
[Black "Latella, Tommaso"]
[Result "0-1"]
[WhiteElo "1767"]
[BlackElo "1750"]
[Annotator "Gabriele Ballarin"]
[PlyCount "62"]
[EventDate "2016.02.??"]
[EventType "swiss"]
[EventRounds "5"]
[EventCountry "ITA"]

1. b3 Nf6 2. Bb2 d5 3. e3 Bf5 4. f4 e6 5. Nf3 c5 6. d3 Nc6 7. h3 h6 8. g4 Bh7 9. Bg2 Be7 10. Nbd2 Qc7 11. Qe2 O-O-O 12. O-O-O Rhg8 13. Ne5 Nxe5 14. fxe5 Nd7 15. Nf3 f6 16. exf6 Bxf6 17. Rhf1 Bxb2+ 18. Kxb2 Rgf8 19. Rf2 Rf7 20. Rdf1 Rdf8 21. Qd2 Qg3 22. Qc3 e5 23. e4 dxe4 24. dxe4 Bxe4 25. b4 Bc6 26. Rd2 Bxf3 27. Rxd7 Kxd7 28. Rd1+ Ke8 29. Qd3 Re7 30. g5 Qxg2 31. Qg6+ Rff7 0-1

[Event "3.Open del Santo"]
[Site "Padova"]
[Date "2016.02.21"]
[Round "4"]
[White "Zanchetta, Nicola"]
[Black "De Minico, Stefano"]
[Result "1-0"]
[WhiteElo "1955"]
[BlackElo "1841"]
[Annotator "Gabriele Ballarin"]
[PlyCount "41"]
[EventDate "2016.02.??"]
[EventType "swiss"]
[EventRounds "5"]
[EventCountry "ITA"]

1. e4 c5 2. Nf3 Nc6 3. Bb5 d6 4. O-O Nf6 5. e5 Nd5 6. c4 Ndb4 7. a3 Nd3 8. Qe2 Bf5 9. Nh4 Qd7 10. exd6 O-O-O 11. Bxc6 bxc6 12. Nxf5 (12. Qf3 Nxc1 13. Nxf5 Nb3 14. dxe7 Nxa1 15. exd8=Q+ Kxd8 16. d4 g6 17. Ne3 Bg7 18. d5 Nb3 19. dxc6 Nd4 20. cxd7 Nxf3+ 21. gxf3 Bxb2 22. Rd1 Kc7) 12... Nxc1 (12... Qxf5 13. dxe7 Bxe7 14. Qxe7 Rhe8 15. Qh4 Rd4 16. Qh3 Qxh3 17. gxh3 Rd6 18. Kg2 Rg6+ 19. Kf3 Rf6+) 13. Rxc1 Qxf5 14. dxe7 Bxe7 15. Qxe7 Rhe8 16. Qxa7 Qc2 17. Nc3 Qxd2 18. Na4 Rd4 19. Nb6+ Kd8 20. Qb8+ Ke7 21. Re1+ 1-0

[Event "3.Open del Santo"]
[Site "Padova"]
[Date "2016.02.21"]
[Round "5"]
[White "Latella, Tommaso"]
[Black "Brunelli, Giovanni"]
[Result "0-1"]
[WhiteElo "1750"]
[BlackElo "1951"]
[Annotator "Antonio Rosino"]
[PlyCount "24"]
[EventDate "2016.02.??"]
[EventType "swiss"]
[EventRounds "5"]
[EventCountry "ITA"]

1. e4 e6 2. d4 d5 3. Nc3 Bb4 4. e5 c5 5. a3 cxd4 6. axb4 dxc3 7. bxc3 (7. Nf3 Nd7 (7... Ne7) (7... cxb2 8. Bxb2) (7... Qc7) 8. Qd4 cxb2 9. Bxb2 Ne7 10. Bd3 Qb6 11. Qg4 h5 12. Qf4 $1) 7... Qc7 8. Qd4 Nc6 9. Bb5 Nge7 10. Nf3 Nf5 11. Qc5 Bd7 12. O-O $4 (12. Bxc6 Qxc6 13. Qxc6 Bxc6 14. g4 Ne7 15. Nd4 Bd7 16. O-O $15) 12... b6 0-1

[Event "3.Open del Santo"]
[Site "Padova"]
[Date "2016.02.21"]
[Round "5.2"]
[White "Zanchetta, Nicola"]
[Black "Cecchetto, Vanni"]
[Result "1-0"]
[WhiteElo "1955"]
[BlackElo "1823"]
[Annotator "Gabriele Ballarin"]
[PlyCount "81"]
[EventDate "2016.02.??"]
[EventType "swiss"]
[EventRounds "5"]
[EventCountry "ITA"]

1. e4 c5 2. Nf3 Nc6 3. c3 Nf6 4. d3 d6 5. Bg5 Qb6 6. Qc2 e5 7. Bxf6 gxf6 8. Nbd2 Be6 9. Nc4 Qc7 10. Ne3 Bh6 11. Nh4 Bxe3 12. fxe3 O-O-O 13. Qf2 d5 14. exd5 Bxd5 15. e4 Be6 16. Qxc5 Kb8 17. Be2 Qd7 18. h3 Rhg8 19. g4 h5 20. Nf5 Bxf5 21. exf5 Rc8 22. Qe3 Rge8 23. Qe4 Nd4 24. cxd4 exd4 25. Qf4+ Ka8 26. Rc1 Rxc1+ 27. Qxc1 Qd5 28. Rh2 Qe5 29. Rg2 hxg4 30. hxg4 Rh8 31. Rg1 Qh2 32. Rf1 Qg3+ 33. Kd1 Qd6 34. Qc4 a6 35. Bf3 Qd7 36. Re1 Kb8 37. Qb4 a5 38. Re7 axb4 39. Rxd7 Rh3 40. Be4 Kc8 41. Rxf7 1-0

[Event "76.Camp.Veneto-Open A,"]
[Site "Conegliano ITA"]
[Date "2016.05.13"]
[Round "1"]
[White "Belloni, Umberto"]
[Black "Renier, Renzo"]
[Result "1/2-1/2"]
[WhiteElo "1798"]
[BlackElo "1954"]
[Annotator "Gabriele Ballarin"]
[PlyCount "22"]
[EventDate "2016.05.13"]
[EventType "swiss"]
[EventRounds "5"]
[EventCountry "ITA"]
[TimeControl "5400+30"]

1. d4 Nf6 2. c3 d6 3. Bg5 Nbd7 4. Bxf6 Nxf6 5. Qb3 b6 (5... Be6 6. c4 (6. Qxb7 Rb8 7. Qxa7 Rxb2 8. Nf3 g6) 6... g6) 6. f3 d5 7. Nd2 Bb7 8. e3 (8. e4 dxe4 9. Bb5+ c6 10. Bc4 e6 11. fxe4) 8... e6 9. Bd3 Bd6 10. f4 O-O (10... Ng4 $1) 11. Be2 c5 {(=)} 1/2-1/2

[Event "76.Camp.Veneto-Open A,"]
[Site "Conegliano ITA"]
[Date "2016.05.13"]
[Round "1.7"]
[White "Mileto, Gabriele"]
[Black "Zenari, Marco"]
[Result "1/2-1/2"]
[WhiteElo "2136"]
[BlackElo "1935"]
[Annotator "Gabriele Ballarin"]
[PlyCount "50"]
[EventDate "2016.05.13"]
[EventType "swiss"]
[EventRounds "5"]
[EventCountry "ITA"]

1. c4 Nf6 2. g3 g6 3. Bg2 Bg7 4. Nc3 d6 5. e4 c5 6. Nge2 Nc6 7. O-O O-O 8. d3 Rb8 9. h3 a6 10. a4 Ne8 11. Be3 Nd4 12. Rb1 Nc7 13. b4 Nce6 14. Qd2 Bd7 15. b5 Nxe2+ 16. Nxe2 Nd4 17. Nxd4 cxd4 18. Bh6 e5 19. Bxg7 Kxg7 20. Rb2 Qc7 21. f4 f6 22. f5 g5 23. Bf3 a5 24. Kg2 b6 25. Rh1 Rh8 1/2-1/2

[Event "76.Camp.Veneto-Open A,"]
[Site "Conegliano ITA"]
[Date "2016.05.14"]
[Round "2"]
[White "Renier, Renzo"]
[Black "Losso, Agostino"]
[Result "1-0"]
[WhiteElo "1954"]
[BlackElo "1724"]
[Annotator "Gabriele Ballarin"]
[PlyCount "47"]
[EventDate "2016.05.13"]
[EventType "swiss"]
[EventRounds "5"]
[EventCountry "ITA"]
[TimeControl "5400+30"]

1. e4 c5 2. Nf3 e6 3. d4 cxd4 4. Nxd4 a6 5. Nc3 Qc7 6. Be2 b5 7. a3 (7. O-O Bb7 8. Bf3 Nc6 9. Nxc6 dxc6 10. Qe2 e5 11. a4) 7... Bb7 8. O-O Nc6 (8... Nf6 9. Qd3 d6 10. f4 Nbd7 11. Bf3 Be7 12. Bd2 Rd8) 9. Nxc6 dxc6 10. Bf3 Ne7 11. g3 Ng6 12. Bg2 h5 13. h3 $6 (13. Be3 h4 14. f4) 13... h4 14. g4 Rd8 15. Qe2 Nf4 16. Bxf4 Qxf4 17. Qf3 Qe5 18. Rfd1 Bd6 19. Rd2 Rh6 20. Rad1 Rf6 21. Qe3 Rd7 $2 22. Rxd6 Rxd6 23. Rxd6 Ke7 (23... Qxd6 24. e5) 24. Rd1 1-0

[Event "76.Camp.Veneto-Open A,"]
[Site "Conegliano ITA"]
[Date "2016.05.14"]
[Round "2.6"]
[White "Zangrando, Gianpietro"]
[Black "Mileto, Gabriele"]
[Result "1/2-1/2"]
[WhiteElo "1875"]
[BlackElo "2136"]
[Annotator "Gabriele Ballarin"]
[PlyCount "39"]
[EventDate "2016.05.13"]
[EventType "swiss"]
[EventRounds "5"]
[EventCountry "ITA"]

1. c4 g6 2. Nc3 Bg7 3. g3 Nf6 4. Bg2 O-O 5. e3 d6 6. Nge2 c6 7. O-O Qa5 8. d4 Nbd7 9. Bd2 Qc7 10. Rc1 Re8 11. b4 a6 12. a4 c5 13. Nd5 Qd8 14. bxc5 dxc5 15. Rb1 Rb8 16. Qe1 b6 17. e4 e5 18. Nxf6+ Nxf6 19. d5 Bd7 20. Nc3 1/2-1/2

[Event "76.Camp.Veneto-Open A,"]
[Site "Conegliano ITA"]
[Date "2016.05.14"]
[Round "3"]
[White "Panican, Gheorghe"]
[Black "Renier, Renzo"]
[Result "0-1"]
[WhiteElo "1984"]
[BlackElo "1954"]
[Annotator "Gabriele Ballarin"]
[PlyCount "60"]
[EventDate "2016.05.13"]
[EventType "swiss"]
[EventRounds "5"]
[EventCountry "ITA"]
[TimeControl "5400+30"]

1. d4 Nf6 2. c4 g6 3. Nc3 d5 4. Nf3 Bg7 5. e3 O-O 6. Bd2 c5 7. dxc5 Na6 8. Be2 (8. cxd5 Nxc5 9. Bc4 a6 10. a4 Bf5 11. O-O Rc8 12. Qe2 Nfe4 13. Nxe4 Bxe4 14. Bb4 Bxd5 15. Rfd1 Qb6 16. Bxc5 Bxc4) 8... Nxc5 9. O-O Bf5 10. Nd4 Bd3 11. b4 Bxe2 12. Qxe2 Nce4 13. c5 e5 14. Nb3 Nxc3 15. Bxc3 d4 16. exd4 Nd5 17. Bd2 exd4 18. Rad1 Qf6 19. Qc4 Nc3 20. Bxc3 dxc3 21. Rd7 Qc6 22. Rfd1 Rae8 23. f3 (23. b5 Re1+ 24. Rxe1 Qxd7 25. g3 Bf6 26. Kg2 Rd8) 23... Qa4 (23... Re1+ 24. Rxe1 Qxd7 25. b5 Rc8) 24. Na1 $6 (24. Rxb7 Qxa2 25. Kf1 Re3) 24... Re3 $6 (24... Re7 $1 25. R7d5 a5) 25. Qb3 Qc6 $6 (25... Qxb3 $1 26. axb3 (26. Nxb3 Re2 27. Rxb7 Rxa2 28. c6 c2 29. Re1 Bc3 30. Rc1 Rc8 31. b5 Rb2) 26... Re2 27. Rxb7 Rfe8 28. Kf1 c2 29. Rc1 Bd4 $1) 26. R7d6 (26. Nc2) 26... Qe8 27. Nc2 Re2 28. R6d3 $2 (28. Kf1) 28... Qe7 $1 29. Rd7 (29. Kf1 Qg5 $3 30. Ne1 (30. Kxe2 Qxg2+ 31. Ke1 (31. Ke3 Re8+ 32. Kf4 Bh6#) 31... Bf6 32. Qc4 Qg1+ 33. Ke2 Qxh2+ 34. Kf1 Bh4 35. Qd4 Re8 36. b5 (36. Qxh4) 36... Re2) 30... Rb2 31. Qc4 (31. Qa4 Qh4 32. Nc2 b5 33. cxb6 axb6) 31... Qe5) 29... Qg5 30. g3 Qh5 0-1

[Event "76.Camp.Veneto-Open A,"]
[Site "Conegliano ITA"]
[Date "2016.05.14"]
[Round "3.7"]
[White "Mileto, Gabriele"]
[Black "Caldonazzo, Matteo"]
[Result "1/2-1/2"]
[WhiteElo "2136"]
[BlackElo "1945"]
[Annotator "Gabriele Ballarin"]
[PlyCount "42"]
[EventDate "2016.05.13"]
[EventType "swiss"]
[EventRounds "5"]
[EventCountry "ITA"]

1. c4 f5 2. g3 Nf6 3. Nc3 g6 4. Bg2 Bg7 5. d3 d6 6. e4 c6 7. Nge2 O-O 8. O-O Na6 9. h3 e5 10. Be3 Nh5 11. Qd2 Be6 12. Bg5 Qd7 13. exf5 gxf5 14. Kh2 f4 15. Ng1 Kh8 16. Rae1 Rae8 17. Bf3 fxg3+ 18. fxg3 Nf6 19. b3 Bf5 20. Bg2 Nc5 21. Ne4 Bxe4 1/2-1/2

[Event "76.Camp.Veneto-Open A,"]
[Site "Conegliano ITA"]
[Date "2016.05.15"]
[Round "4"]
[White "Renier, Renzo"]
[Black "Borsato, Federico"]
[Result "1/2-1/2"]
[WhiteElo "1954"]
[BlackElo "1855"]
[Annotator "Gabriele Ballarin"]
[PlyCount "65"]
[EventDate "2016.05.13"]
[EventType "swiss"]
[EventRounds "5"]
[EventCountry "ITA"]
[TimeControl "5400+30"]

1. e4 e5 2. Nf3 Nc6 3. Bc4 Nf6 4. Nc3 (4. d3) (4. d4) (4. Ng5) 4... Nxe4 5. Qe2 $2 (5. Nxe4 d5 6. Bd3 dxe4 7. Bxe4 Bd6 8. d4 exd4 9. Bxc6+ bxc6 10. Qxd4 O-O 11. O-O c5 12. Qc3 Bb7 13. b3 Qd7 14. Bb2 f6 15. Rad1 Qf5 16. Qc4+ Kh8) 5... Nxc3 6. dxc3 Be7 $2 (6... d6) 7. Nxe5 Nxe5 8. Qxe5 O-O 9. Be3 Bf6 10. Qh5 c6 11. O-O-O d5 12. Bd3 g6 13. Qh6 Bg7 14. Qf4 Qf6 15. Qxf6 Bxf6 16. Rde1 Bd7 17. Bd4 Bxd4 18. cxd4 Rfe8 19. Kd2 h6 20. Rxe8+ Rxe8 21. Re1 Rxe1 22. Kxe1 Kg7 23. Ke2 Kf6 24. c3 Bf5 25. Ke3 Bxd3 26. Kxd3 Ke6 27. Ke3 f5 28. h4 g5 29. hxg5 hxg5 30. Kf3 Kf6 31. g4 Ke6 32. Kg3 f4+ 33. Kf3 {(=)} 1/2-1/2

[Event "76.Camp.Veneto-Open A,"]
[Site "Conegliano ITA"]
[Date "2016.05.15"]
[Round "5"]
[White "Binder, Andrea"]
[Black "Renier, Renzo"]
[Result "1-0"]
[WhiteElo "1916"]
[BlackElo "1954"]
[Annotator "Gabriele Ballarin"]
[PlyCount "31"]
[EventDate "2016.05.13"]
[EventType "swiss"]
[EventRounds "5"]
[EventCountry "ITA"]
[TimeControl "5400+30"]

1. e4 e6 2. d4 d5 3. exd5 exd5 4. c4 Nf6 5. Nc3 Bb4 (5... Be7 6. Nf3 O-O 7. Be3 c6 8. Qb3 dxc4 9. Bxc4 Nbd7 10. d5 b5 11. Bd3 b4 12. dxc6 bxc3 13. cxd7 cxb2 14. Qxb2 Bxd7) 6. Bd3 O-O 7. Nf3 dxc4 8. Bxc4 Ne4 (8... Bg4) (8... Re8+) 9. Qb3 (9. O-O Nxc3 10. bxc3 Bxc3 11. Rb1 c5 12. Ng5) 9... Nc6 10. Bd3 (10. O-O Bxc3 11. bxc3 Na5 12. Qb4 Nxc4 13. Qxc4 Be6) 10... Bf5 (10... Be6 11. Qc2 Nxc3 12. bxc3 Nxd4 13. Nxd4 Qxd4 14. O-O Qxc3 15. Bxh7+ Kh8 16. Qe4 Qc4 (16... Qxa1 $4 17. Bg5 $1)) 11. Be3 $2 Nd6 $6 (11... Nc5 $1 12. dxc5 Qxd3 13. Rd1 Qa6 14. a3 Ba5 15. Kd2 b5 16. Kc1 b4) 12. Bxf5 Nxf5 13. O-O-O Nxe3 14. fxe3 Re8 $2 (14... Bxc3 15. Qxc3 Qd5) 15. d5 Bxc3 16. dxc6 1-0

[Event "76.Camp.Veneto-Open A,"]
[Site "Conegliano ITA"]
[Date "2016.05.15"]
[Round "5.7"]
[White "Mileto, Gabriele"]
[Black "Viola, Enrico"]
[Result "1-0"]
[WhiteElo "2136"]
[BlackElo "1815"]
[Annotator "Gabriele Ballarin"]
[PlyCount "133"]
[EventDate "2016.05.13"]
[EventType "swiss"]
[EventRounds "5"]
[EventCountry "ITA"]

1. c4 Nf6 2. g3 g6 3. Bg2 Bg7 4. Nc3 c6 5. e4 d6 6. Nge2 Bg4 7. h3 Be6 8. d3 Na6 9. O-O O-O 10. Be3 c5 11. Kh2 Nb4 12. Qd2 Nc6 13. f4 Bd7 14. d4 cxd4 15. Nxd4 Rc8 16. b3 Ne8 17. Rad1 Qa5 18. Nd5 Qxd2 19. Rxd2 Bf6 20. Nxc6 bxc6 21. Nxf6+ Nxf6 22. Bxa7 c5 23. e5 Ne8 24. Bb6 Bc6 25. exd6 Nxd6 26. Re1 Bxg2 27. Kxg2 Rc6 28. Ba5 Ra8 29. Bc3 Rca6 30. Rxe7 Rxa2 31. Rxa2 Rxa2+ 32. Kf3 Ra3 33. Rd7 Ne8 34. Rb7 Kf8 35. Be5 h5 36. Ke4 f6 37. Bb8 Ra2 38. h4 Rg2 39. Kf3 Rd2 40. Ba7 Rd3+ 41. Kf2 Rd2+ 42. Ke3 Rg2 43. Kf3 Rd2 44. Bxc5+ Kg8 45. Be3 Rd1 46. c5 f5 47. c6 Rd3 48. c7 Nxc7 49. Rxc7 Rxb3 50. Ke2 Rb2+ 51. Bd2 Rb6 52. Bc3 Re6+ 53. Kd3 Ra6 54. Kc4 Re6 55. Be5 Kf8 56. Kd5 Ra6 57. Bd6+ Kg8 58. Ke6 Rb6 59. Rd7 Rb3 60. Be5 Rb6+ 61. Rd6 Rb8 62. Kf6 Rb3 63. Rd8+ Kh7 64. Rd7+ Kh6 65. Kf7 Rb6 66. Kg8 Rb8+ 67. Bxb8 1-0

[Event "4.Open del Santo A"]
[Site "Padova"]
[Date "2017.02.10"]
[Round "1.6"]
[White "Zanchetta, Nicola"]
[Black "Conti, Federico"]
[Result "1-0"]
[WhiteElo "1978"]
[BlackElo "1753"]
[Annotator "Gabriele Ballarin"]
[PlyCount "85"]
[EventDate "2017.??.??"]
[EventType "swiss"]
[EventCountry "ITA"]

1. e4 d6 2. d4 Nf6 3. Nc3 g6 4. Be2 Bg7 5. h4 h5 6. f3 c6 7. Nh3 b5 8. a3 Qc7 9. Bf4 Bxh3 10. Rxh3 e5 11. Be3 Nbd7 12. Qd2 (12. d5 cxd5 13. Nxd5 Nxd5 14. Qxd5 Rc8 (14... O-O 15. O-O-O Rac8 16. c3 $16) 15. Bxb5 $16) 12... Nb6 13. b3 (13. d5 Nc4 14. Bxc4 bxc4 15. O-O-O $16) 13... a6 14. dxe5 dxe5 15. O-O-O O-O 16. Qd6 Qb7 17. Qd2 (17. g4 Rad8 18. Qxd8 Rxd8 19. Rxd8+ Kh7 $14) 17... Qc7 18. Qe1 Rfd8 19. g4 Rxd1+ 20. Bxd1 Bf8 21. Kb2 b4 (21... Nc4+ 22. bxc4 Qa5 23. c5 (23. a4 $19) 23... b4 24. axb4 Qxb4+ 25. Kc1 Rd8 26. Be2 hxg4 27. Rh1 Qa3+ 28. Kb1 Rb8+ 29. Bb5 gxf3 30. Bc1 $19) 22. axb4 Rb8 23. Na2 Nbd7 24. gxh5 Nxh5 25. Be2 Nf4 26. Rg3 Nxe2 27. Qxe2 Nf6 28. Qc4 Kh7 29. Bc5 Bh6 30. Rg1 Qd7 31. Nc3 Bd2 32. Ra1 Rb7 33. Rxa6 Qh3 34. Qe2 Rd7 35. Rxc6 Nh5 36. Rd6 Bxc3+ 37. Kxc3 Rc7 38. Kb2 Qxh4 39. Qd1 Qh3 40. Rd8 Nf4 41. Qd6 Ne6 42. Qxe5 Nxd8 43. Qxc7 1-0